LEADER 02765nam 22003852 450 001 9910136027703321 005 20210112185412.0 010 $a1-78138-375-8 035 $a(CKB)3710000000908660 035 $a(UkCbUP)CR9781781383759 035 $a(MiAaPQ)EBC4806703 035 $a(EXLCZ)993710000000908660 100 $a20170307d2016|||| uy| 0 101 0 $aeng 135 $aur||||||||||| 181 $ctxt$2rdacontent 182 $cc$2rdamedia 183 $acr$2rdacarrier 200 14$aThe quest for gold /$fAndrew Fekete ; edited by Peter Fekete$b[electronic resource] 210 1$aLiverpool :$cLiverpool University Press,$d2016. 215 $a1 online resource (xvii, 185 pages) $cdigital, PDF file(s) 300 $aTitle from publisher's bibliographic system (viewed on 11 Aug 2017). 311 $a1-78138-331-6 330 $aThe Quest for Gold is an edited version of writings by visionary Andrew Fekete ? a painter, architect, poet and writer, who died in 1986 from an Aids-related illness. Andrew, flâneur, walked the city; he was a man whose writings, to adapt the words of Baudelaire, serve as a mirror as vast as the crowd itself. This anthology, collated by his brother Peter, comprises key works from Andrew Fekete?s opus, and deals with his development as an artist, his visions and his experiment in Jungian alchemy ? the intentional creation of visionary experiences to manifest unconscious archetypes to consciousness. The title is taken from an autobiographical novella that Andrew wrote in 1982, with extracts from his diaries also provided. The culmination of the anthology is the poem Punishment for the Transgressors in which Andrew confronts his impending death, thereby illustrating the connection between art and life. The work, which is open to multiple interpretations, is witty and entertaining, dramatic and engaging, full of deep sentiment and self-reflection. We journey with Andrew in his Quest for Gold that occurs against the background of his sexuality and his membership of the gay community. We see into the mind of a man undertaking an experiment in the exploration of what Jung calls the contents of the collective unconscious in an attempt at self-healing and expansion of consciousness.You can find out more about Andrew Fekete at www.andrewfekete.net and see a retroscpective of his work at the Victoria Gallery and Museum, Liverpool until April 2017. 606 $aArtists$zGreat Britain$vBiography 615 0$aArtists 676 $a700.411 700 $aFekete$b Andrew$f1954-1986,$0937823 702 $aFekete$b Peter Paul$f1958- 801 0$bUkCbUP 801 1$bUkCbUP 906 $aBOOK 912 $a9910136027703321 996 $aThe quest for gold$92112524 997 $aUNINA LEADER 03638oam 2200565I 450 001 9910790522803321 005 20230803220301.0 010 $a0-429-07376-3 010 $a1-4665-9425-X 024 7 $a10.1201/b15943 035 $a(CKB)2550000001129370 035 $a(EBL)1402695 035 $a(OCoLC)862103645 035 $a(SSID)ssj0001165676 035 $a(PQKBManifestationID)11671199 035 $a(PQKBTitleCode)TC0001165676 035 $a(PQKBWorkID)11205698 035 $a(PQKB)10990174 035 $a(OCoLC)862039704 035 $a(MiAaPQ)EBC1402695 035 $a(EXLCZ)992550000001129370 100 $a20180331h20142014 uy 0 101 0 $aeng 135 $aur|n|---||||| 181 $ctxt 182 $cc 183 $acr 200 10$aPhase transitions in solids under high pressure /$fV.D. Blank and E.I. Estrin 210 1$aBoca Raton, FL :$cCRC Press,$d[2014] 210 4$d©2014 215 $a1 online resource (451 p.) 300 $aDescription based upon print version of record. 311 $a1-4665-9424-1 311 $a1-299-98731-1 320 $aIncludes bibliographical references. 327 $aFront Cover; Contents; Preface; Introduction: Phase equilibria and kinetics of phase transformations at high pressure; Chapter 1: Equipment and methods for the study of phase transformations in solidsat high pressures; Chapter 2: Phase transformations of carbon and boron nitride at high pressure and deformation under pressure; Chapter 3: Phase transitions in Si and Ge at high pressure and deformation under pressure; Chapter 4: Polymorphic ?-w transformation in titanium, zirconium and zirconium-titanium alloys; Chapter 5: Phase transformations in iron and its alloys at high pressure 327 $aChapter 6: Phase transformations in gallium and ceriumChapter 7: On the possible polymorphic transformations in transition metals under pressure; Chapter 8: Pressure-induced polymorphic transformations in AIBVII compounds; Chapter 9: Phase transformations in AIIBVIand AIIIBV semiconductor compounds; Chapter 10: Effect of pressure on the kinetics of phase transformations in iron alloys; Chapter 11: Transformations during deformation at high pressure; Chapter 12: Effects due to phase transformations at high pressure 327 $aChapter 13: Kinetics and hysteresis in high-temperature polymorphic transformations under pressureChapter 14: Hysteresis and kinetics of low-temperature polymorphic transformations under pressure; Chapter 15: Kinetics of phase transformations under pressure and synthesis of high-pressure phases; Conclusion; Back Cover 330 $aThe use of high-pressure techniques has become popular for studying the nature of substances and phenomena occurring in them, especially as a means of obtaining new materials (synthesis under high pressure) and processing known materials (hydroextrusion). A product of many years of research by the authors and their colleagues, Phase Transitions in Solids under High Pressure discusses the relationships of phase transformations in solids under high pressure, the mechanism of these transformations, crystal geometry, the effect of deformation, the conditions of formation, and preservation of the h 606 $aPhase transformations (Statistical physics) 615 0$aPhase transformations (Statistical physics) 676 $a530.4/14 700 $aBlank$b V. D.$01514261 702 $aEstrin$b E. I. 801 0$bFlBoTFG 801 1$bFlBoTFG 906 $aBOOK 912 $a9910790522803321 996 $aPhase transitions in solids under high pressure$93749236 997 $aUNINA LEADER 03133nam 2200577 a 450 001 9910789688503321 005 20200520144314.0 010 $a0-87335-344-7 035 $a(CKB)2670000000105234 035 $a(EBL)727128 035 $a(OCoLC)735604316 035 $a(SSID)ssj0000509393 035 $a(PQKBManifestationID)11329238 035 $a(PQKBTitleCode)TC0000509393 035 $a(PQKBWorkID)10563362 035 $a(PQKB)11243046 035 $a(Au-PeEL)EBL727128 035 $a(CaPaEBR)ebr10742702 035 $a(MiAaPQ)EBC727128 035 $a(EXLCZ)992670000000105234 100 $a20111216d2011 uy 0 101 0 $aeng 135 $aur|n|---||||| 181 $ctxt 182 $cc 183 $acr 200 10$a2011 rapid excavation and tunneling conference$b[electronic resource] $eproceedings /$fedited by Steve Redmond and Victor Romero 210 $aEnglewood, Colo. $cSociety for Mining, Metallurgy, and Exploration, Inc.$dc2011 215 $a1 online resource (1609 p.) 300 $aDescription based upon print version of record. 311 $a0-87335-343-9 320 $aIncludes bibliographical references and index. 327 $apt. 1. Contracting practices and costs -- pt. 2. Design and planning -- pt. 3. Difficult ground -- pt. 4. Drill and blast -- pt. 5. Environment, health, and safety -- pt. 6. Future projects -- pt. 7. Geotechnical considerations -- pt. 8. Ground support and final lining -- pt. 9. Grouting and ground modification -- pt. 10. Hard rock TBMs -- pt. 11. Large span tunnels and caverns -- pt. 12. Microtunneling and trenchless tunneling -- pt. 13. New and innovative technologies -- pt. 14. Presssure face TBM case histories -- pt. 15. Presssure face TBM technology -- pt. 16. Risk management -- pt. 17. San Francisco Bay area projects -- pt. 18. SEM/NATM -- pt. 19. Shafts and mining -- pt. 20. Tunnel rehabilitation -- pt. 21. Water and gas control. 330 $aEvery two years, industry experts and practitioners from around the world gather at the prestigious Rapid Excavation and Tunneling Conference (RETC) to learn about the latest developments in tunneling technology, and the signature projects that help society meet its growing infrastructure needs. Inside this authoritative 1608-page book, you'll find the 115 influential papers that were presented providing valuable insights from projects worldwide. You'll gain from the lessons learned-often the hard way-from large and demanding projects in difficult ground conditions. This book will take you u 606 $aTunneling$vCongresses 606 $aExcavation$vCongresses 606 $aUnderground construction$vCongresses 615 0$aTunneling 615 0$aExcavation 615 0$aUnderground construction 676 $a624.1/93 702 $aRedmond$b Steve$4edt 702 $aRomero$b Victor$4edt 712 12$aRapid Excavation and Tunneling Conference 801 0$bMiAaPQ 801 1$bMiAaPQ 801 2$bMiAaPQ 906 $aBOOK 912 $a9910789688503321 996 $a2011 rapid excavation and tunneling conference$93835298 997 $aUNINA